| 000 | 00497nam a2200181Ia 4500 | ||
|---|---|---|---|
| 005 | 20250508152405.0 | ||
| 008 | 008 250505s9999 xx 000 0 hin d | ||
| 037 | _aReference | ||
| 040 |
_aFEDL _beng _cFEDL |
||
| 041 |
_ahin _2eng |
||
| 084 |
_a371.83, SHA _qFEDL |
||
| 100 |
_aSharma Veni Madhav _9759238 |
||
| 245 | 0 | _aSamajik shiksha | |
| 260 |
_aKashi, India _bNand Kishore and Brothers _c1950 |
||
| 300 | _a211p | ||
| 942 |
_cREF _h371.83, SHA |
||
| 999 |
_c1336126 _d1336126 |
||